[Event "3rd Eksjo it"]
[Site "Eksjo SWE"]
[Date "1975.03.30"]
[Round "7"]
[White "Ornstein, Axel"]
[Black "Peev, Peicho"]
[Result "1-0"]
[WhiteElo "2430"]
[BlackElo "2425"]
[EventDate "1975.03.24"]
[PlyCount "47"]

1. e4 d6 2. d4 Nf6 3. Nc3 g6 4. Nf3 c6 5. Be2 Bg7 6. O-O O-O 7. Re1 Qc7 8. e5 dxe5 9. Nxe5 Rd8 10. Bc4 Nd5 11. Qf3 Be6 12. Bg5 Nd7 13. Nxf7 Bxf7 14. Nxd5 Bxd5 15. Bxd5+ Kh8 16. Rxe7 Rf8 17. Qh3 cxd5 18. Bh6 Rg8 19. Rxd7 Qxc2 20. Rxb7 Raf8 21. Rf1 Rf5 22. Qe3 Qa4 23. b3 Qa3 24. Rc1 {2:05-1:25} 1-0

[Event "3rd Eksjo it"]
[Site "Eksjo SWE"]
[Date "1975.03.30"]
[Round "7"]
[White "Schneider, Lars-Ake"]
[Black "Kinnmark, Ove"]
[Result "1-0"]
[WhiteElo "2380"]
[BlackElo "2385"]
[EventDate "1975.03.24"]
[PlyCount "111"]

1. e4 e5 2. Nf3 Nc6 3. Bb5 a6 4. Bxc6 dxc6 5. O-O f6 6. d4 Bg4 7. dxe5 Qxd1 8. Rxd1 fxe5 9. Rd3 Bxf3 10. gxf3 Bd6 11. Be3 Ne7 12. Nd2 O-O 13. Kf1 Ng6 14. Ke2 b5 15. a4 c5 16. c4 b4 17. Rg1 Nf4+ 18. Bxf4 Rxf4 19. Nb3 Raf8 20. Rg3 Rh4 21. Rd5 Rh6 22. h3 c6 23. Rd1 Rf7 24. Nc1 Kf8 25. Nd3 Ke7 26. Rdg1 g6 27. Rh1 Ke6 28. Rg5 Rh4 29. Ke3 Kf6 30. Rg4 Rh5 31. f4 exf4+ 32. Nxf4 Bxf4+ 33. Rxf4+ Ke6 34. Rxf7 Kxf7 35. f4 Rh4 36. Kf3 g5 37. fxg5 Ke6 38. b3 a5 39. Kg3 Rxe4 40. Rf1 Re3+ 41. Rf3 Rc3 42. h4 Ke5 43. Kg4 Rxf3 44. Kxf3 Kd4 45. h5 Kc3 46. g6 hxg6 47. hxg6 Kxb3 48. g7 Ka2 49. g8=Q b3 50. Qg2+ b2 51. Kf4 Ka3 52. Qf3+ Ka2 53. Qg2 Ka3 54. Qc2 Ka2 55. Ke5 Ka1 56. Kd6 {3:27-3:28} 1-0

[Event "3rd Eksjo it"]
[Site "Eksjo SWE"]
[Date "1975.03.31"]
[Round "8"]
[White "Enklaar, Bertus"]
[Black "Schneider, Lars-Ake"]
[Result "1-0"]
[WhiteElo "2410"]
[BlackElo "2380"]
[EventDate "1975.03.24"]
[PlyCount "79"]

1. e4 e5 2. Nf3 Nc6 3. Bb5 a6 4. Ba4 Nf6 5. O-O Be7 6. Re1 b5 7. Bb3 O-O 8. a4 Bb7 9. d3 d6 10. Nc3 Na5 11. Ba2 b4 12. Ne2 Nh5 13. c3 bxc3 14. bxc3 Kh8 15. g4 f5 16. gxh5 fxe4 17. Nd2 exd3 18. Ng3 Qd7 19. Ndf1 Qh3 20. Re4 Bxe4 21. Nxe4 Rf3 22. Nfg3 Raf8 23. Be3 Bh4 24. Qxd3 Nc6 25. Bb1 d5 26. Ng5 e4 27. Nxh3 exd3 28. Bxd3 a5 29. Kg2 Ne7 30. Re1 R3f7 31. Re2 Rb8 32. Bg5 Bxg3 33. hxg3 Ng8 34. Bb5 Nf6 35. h6 Ne4 36. hxg7+ Kxg7 37. Bf4 Kg8 38. Ng5 Nxg5 39. Bxg5 Kg7 40. Be3 {time} 1-0

[Event "3rd Eksjo it"]
[Site "Eksjo SWE"]
[Date "1975.03.31"]
[Round "8"]
[White "Kinnmark, Ove"]
[Black "Ornstein, Axel"]
[Result "1/2-1/2"]
[WhiteElo "2385"]
[BlackElo "2430"]
[EventDate "1975.03.24"]
[PlyCount "23"]

1. e4 c5 2. Nf3 e6 3. d4 cxd4 4. Nxd4 a6 5. Bd3 Nf6 6. Nd2 d6 7. O-O g6 8. a4 b6 9. a5 b5 10. c4 e5 11. N4f3 b4 12. Qa4+ 1/2-1/2

[Event "3rd Eksjo it"]
[Site "Eksjo SWE"]
[Date "1975.03.31"]
[Round "8"]
[White "Peev, Peicho"]
[Black "Hecht, Hans-Joachim"]
[Result "1/2-1/2"]
[WhiteElo "2425"]
[BlackElo "2490"]
[EventDate "1975.03.24"]
[PlyCount "80"]

1. d4 Nf6 2. Nf3 e6 3. Bg5 c5 4. e3 Be7 5. Bd3 b6 6. O-O Bb7 7. Nbd2 cxd4 8. exd4 O-O 9. c3 d6 10. Re1 Nbd7 11. a4 a6 12. Nc4 Re8 13. Nfd2 Qc7 14. Re3 Bf8 15. a5 Nd5 16. Rh3 f5 17. axb6 N7xb6 18. Nxb6 Nxb6 19. c4 g6 20. Rc1 Bg7 21. Nb3 Nd7 22. Bf1 a5 23. Bf4 e5 24. dxe5 dxe5 25. Bg5 a4 26. c5 Nf6 27. Nd2 Bc6 28. Qc2 Rab8 29. Qc4+ Kh8 30. Qh4 Rf8 31. Nc4 h5 32. f3 Rbd8 33. Nd6 Rxd6 34. cxd6 Qxd6 35. Be3 Rb8 36. Qc4 Bd5 37. Qxa4 Rxb2 38. Bc5 Qe6 39. Qa3 Ra2 40. Qb4 Ra8 {2:32-2:30} 1/2-1/2

[Event "3rd Eksjo it"]
[Site "Eksjo SWE"]
[Date "1975.03.31"]
[Round "8"]
[White "Vinje Gulbrandsen, Arne"]
[Black "Akvist, Hakan"]
[Result "1/2-1/2"]
[WhiteElo "2335"]
[BlackElo "2315"]
[EventDate "1975.03.24"]
[PlyCount "155"]

1. d4 Nf6 2. c4 c5 3. d5 b5 4. cxb5 a6 5. bxa6 Bxa6 6. Nc3 d6 7. Nf3 g6 8. g3 Bg7 9. Bg2 O-O 10. O-O Nbd7 11. Qc2 Qb6 12. h3 Rfb8 13. Rb1 Bc4 14. Nd2 Ba6 15. b3 Qb7 16. Re1 Nb6 17. e4 Nfd7 18. Nf3 Qc7 19. Bb2 Ra7 20. Nd1 Bxb2 21. Rxb2 c4 22. b4 Bb5 23. Nc3 Na4 24. Nd4 Nxc3 25. Qxc3 Ne5 26. Bf1 Qb6 27. Nxb5 Qxb5 28. f4 Nd3 29. Bxd3 cxd3 30. Rd1 Qb6+ 31. Kg2 Rba8 32. Rxd3 Rxa2 33. Rxa2 Rxa2+ 34. Rd2 Ra4 35. e5 Qxb4 36. Qxb4 Rxb4 37. exd6 exd6 38. Rd3 Kf8 39. Kf3 Ke7 40. Re3+ Kd7 41. g4 Rd4 42. Ra3 Rxd5 43. Ke4 Ke6 44. Ke3 Rb5 45. Kf3 Rb6 46. Re3+ Kd7 47. Ra3 Rc6 48. Ke4 Rc4+ 49. Kf3 d5 50. Ke3 Re4+ 51. Kf3 Re7 52. Ra6 Kc7 53. Kf2 Kd7 54. Rb6 h6 55. Ra6 Re8 56. f5 gxf5 57. gxf5 Re5 58. Rxh6 Rxf5+ 59. Ke3 f6 60. Rh8 Rf1 61. h4 Ke6 62. h5 Rf5 63. Rh7 Re5+ 64. Kf4 d4 65. Rh8 Rd5 66. Ra8 Rxh5 67. Ra6+ Kf7 68. Ke4 Rh4+ 69. Kf5 Rh5+ 70. Ke4 Re5+ 71. Kxd4 Kg6 72. Ra1 Re2 73. Rg1+ Kf5 74. Rf1+ Ke6 75. Kd3 Re5 76. Rf2 Re1 77. Re2+ Rxe2 78. Kxe2 {4:32-4:32} 1/2-1/2

[Event "3rd Eksjo it"]
[Site "Eksjo SWE"]
[Date "1975.04.01"]
[Round "9"]
[White "Ek, Hans"]
[Black "Peev, Peicho"]
[Result "1/2-1/2"]
[WhiteElo "2345"]
[BlackElo "2425"]
[EventDate "1975.03.24"]
[PlyCount "69"]

1. d4 Nf6 2. Nf3 g6 3. g3 Bg7 4. Bg2 O-O 5. O-O d6 6. c4 c6 7. Nc3 Qa5 8. h3 e5 9. Be3 Nbd7 10. Qa4 Qc7 11. dxe5 dxe5 12. Rab1 Re8 13. b4 Nb6 14. Qa5 Bf5 15. Rbc1 Qc8 16. Bxb6 axb6 17. Qxb6 Bh6 18. Rcd1 Nd7 19. Rxd7 Qxd7 20. b5 e4 21. bxc6 bxc6 22. Rd1 Qc8 23. Nd4 Ra6 24. Qb3 e3 25. g4 exf2+ 26. Kf1 Bd7 27. Ne4 c5 28. Nb5 Rd8 29. Qd3 Bf8 30. Qd5 Bxb5 31. Qxd8 Qxd8 32. Rxd8 Bxc4 33. Nxc5 Rxa2 34. Bf3 Kg7 35. Ne4 1/2-1/2

[Event "3rd Eksjo it"]
[Site "Eksjo SWE"]
[Date "1975.04.01"]
[Round "9"]
[White "Hecht, Hans-Joachim"]
[Black "Kinnmark, Ove"]
[Result "1/2-1/2"]
[WhiteElo "2490"]
[BlackElo "2385"]
[EventDate "1975.03.24"]
[PlyCount "91"]

1. e4 e5 2. Nf3 Nc6 3. Bb5 a6 4. Ba4 Nf6 5. O-O Be7 6. Bxc6 dxc6 7. Qe1 Be6 8. b3 Nd7 9. Bb2 f6 10. d4 Bd6 11. Nbd2 O-O 12. Qe3 Qe7 13. Rfe1 Rad8 14. Nf1 Bg4 15. Ng3 g6 16. h3 Bxf3 17. Qxf3 exd4 18. Bxd4 c5 19. Bc3 b5 20. a4 b4 21. Bb2 c4 22. bxc4 Nb6 23. c5 Bxc5 24. Qe2 a5 25. c3 Qe6 26. cxb4 Bxb4 27. Red1 c5 28. Rxd8 Rxd8 29. Rd1 Rxd1+ 30. Qxd1 Qd7 31. Qf3 Nxa4 32. Bxf6 Nb6 33. Qf4 c4 34. Qb8+ Nc8 35. e5 c3 36. Ne4 c2 37. Bg5 c1=Q+ 38. Bxc1 Qd1+ 39. Kh2 Qxc1 40. Nf6+ Kf7 41. Qb5 Qf4+ 42. Kg1 Ne7 43. Nxh7 Qc1+ 44. Kh2 Qf4+ 45. Kg1 Qc1+ 46. Kh2 1/2-1/2

[Event "3rd Eksjo it"]
[Site "Eksjo SWE"]
[Date "1975.04.01"]
[Round "9"]
[White "Ornstein, Axel"]
[Black "Enklaar, Bertus"]
[Result "1/2-1/2"]
[WhiteElo "2430"]
[BlackElo "2410"]
[EventDate "1975.03.24"]
[PlyCount "41"]

1. Nf3 Nf6 2. c4 g6 3. Nc3 Bg7 4. e4 d6 5. d4 O-O 6. Be2 e5 7. O-O Nc6 8. d5 Ne7 9. b4 Nh5 10. c5 Nf4 11. Bxf4 exf4 12. Rc1 a5 13. a3 Bg4 14. Nd2 Bxe2 15. Qxe2 axb4 16. axb4 c6 17. Nc4 dxc5 18. bxc5 cxd5 19. exd5 Nxd5 20. Nxd5 Qxd5 21. Nb6 1/2-1/2

[Event "3rd Eksjo it"]
[Site "Eksjo SWE"]
[Date "1975.04.01"]
[Round "9"]
[White "Schneider, Lars-Ake"]
[Black "Vinje Gulbrandsen, Arne"]
[Result "1/2-1/2"]
[WhiteElo "2380"]
[BlackElo "2335"]
[EventDate "1975.03.24"]
[PlyCount "39"]

1. e4 d6 2. d4 Nf6 3. Nc3 g6 4. Nf3 Bg7 5. h3 O-O 6. Be2 c6 7. O-O b5 8. e5 dxe5 9. Nxe5 b4 10. Na4 Nfd7 11. Nxd7 Nxd7 12. a3 bxa3 13. Rxa3 Nb6 14. Nxb6 Qxb6 15. c3 Be6 16. Re1 Rfb8 17. Ra6 Qc7 18. Qa4 Rb6 19. Rxb6 Qxb6 20. Bf3 1/2-1/2